000 00483nam a2200157Ia 4500
008 090124s9999 xx 000 0 und d
082 _b47362
245 _a नीलू नीलिमा निलोफर
250 _a1
260 _c2008
300 _a208
630 _a नीलू नीलिमा निलोफर
700 _a"भोंजाळ , चंद्रकांत"
730 _a नीलू नीलिमा निलोफर
942 _cBOOK
999 _c113592
_d113592